Star Wars Characters- TESB - Statistics

General Stats
  • This quiz has been taken 81 times
  • The average score is 18 of 25
Answer Stats
Hint Answer % Correct
Princess Leia Organa
100%
Protocol Droid C-3PO
98%
The Emperor Darth Sidious
98%
Dark Lord Darth Vader
98%
Force Ghost Obi-Wan Kenobi
98%
Astromech Droid R2-D2
98%
Jedi Master Yoda
98%
Jedi Knight Luke Skywalker
97%
Smuggler Han Solo
95%
Main Bounty Hunter Boba Fett
94%
Smuggler's BFF Chewbacca
94%
Cloud City Administrator Lando Calrissian
88%
Lizard Bounty Hunter Bossk
77%
Assassin Bounty Hunter IG-88
71%
Scarred Bounty Hunter Dengar
61%
Administrator's Assistant Lobot
61%
Imperial Admiral; After Previous Answer Admiral Piett
55%
Imperial General at Hoth General Veers
53%
Insect/Droid Bounty Hunter 4-LOM
50%
Gand Bounty Hunter Zuckuss
48%
Imperial Admiral; Choked Admiral Ozzel
47%
Imperial Captain Captain Needa
39%
Rebel General at Hoth General Rieekan
26%
Rebel Major at Hoth Major Bren Derlin
15%
Man who carried an Ice Cream Maker (Meme) Willrow Hood
15%
No matching quizzes found
Score Distribution
Percent of People with Each Score
Percentile by Number Answered
Your Score History
You have not taken this quiz